000 01053cam a22002535a 4500
001 L140633
008 071002s2005 xxkd f 000 0 eng d
020 _a1842192213
035 _a(Sirsi) u140633
041 0 _aeng
050 0 4 _a693.97 $2 18
110 2 _aRoyal Institution of Chartered Surveyors
_94900
245 0 4 _aThe "Mundic" Problem Supplement to Second Edition - Stage 3 Expansion Testing
250 _aRevised
260 _aLondon
_bRICS
_c2005
300 _a6
_fleaves
_bill.
_c30cm.
490 0 _aRICS Guidance Note
_vAddendum
520 _aUpdates paras 1.15, 3.1.2, 3.1.6, 3.1.7, 3.4(a), 3.4(c) and 5.3; flow charts one and two; and table one of "The mundic problem : a guidance note" (ISBN 0854068082).
650 2 4 _aMUNDIC PROBLEM A GUIDANCE NOTE
651 4 _aUnited Kingdom
_y
690 _aBUILT ENVIRONMENT-BUILDING MATERIALS-CEMENTITIOUS, CONCRETE AND MINERAL BOUND MATERIALS-CONCRETE
856 4 8 _uhttps://www.rics.org/Global/Downloads/mundic_supplement_Feb05_1_.pdf
_zView the addendum at www.rics.org...
942 _n0
999 _c107523
_d107523